[Event "España tch Autonomías 2011"]
[Site "Gijón ESP"]
[Date "2011.05.02"]
[Round "6.42"]
[White "Franco Alonso, Alejandro"]
[Black "Barcelo Pujadas, Pedro Jose"]
[Result "1-0"]
[WhiteElo "2489"]
[BlackElo "2257"]
[PlyCount "40"]
[EventDate "2011.04.29"]
[EventType "team"]
[EventRounds "6"]
[EventCountry "ESP"]
[Source "lmi"]
[SourceDate "2011.04.29"]

1. Nf3 Nf6 2. c4 e6 3. g3 d5 4. d4 Be7 5. Bg2 O-O 6. O-O Nbd7 7. Qc2 c6 8. Nbd2
b6 9. e4 Bb7 10. e5 Ne8 11. cxd5 cxd5 12. Re1 Rc8 13. Qd3 Nc7 14. Nf1 Ba6 15.
Qd1 b5 16. h4 Na8 17. Ng5 Bb4 18. Re3 h6 19. Nh3 Qe7 20. Qg4 Qe8 1-0